My village in Ghana /

A boy of Ghana describes life in the village where he lives with his uncle and aunt.

Bibliographic Details
Main Author: Gidal, Sonia
Other Authors: Gidal, Tim, 1909-1996
Format: Book
Language:English
Published: [New York] : Pantheon, [1969]
Subjects:

MARC

Tag First Indicator Second Indicator Subfields
LEADER 00000cam a2200000 4500
001 in00000364591
005 20151011073859.0
008 700622s1969 nyuab j 00010 eng
010 |a  74077436  
035 |a (OCoLC)00080802 
035 |9 ABP4080AM 
040 |a DLC  |c DLC  |d TXA  |d UtOrBLW 
043 |a f-gh--- 
049 |a TXAM  |c [1397936] 
050 0 0 |a DT510.4  |b .G5 
082 0 |a 916.67/03/5 
100 1 |a Gidal, Sonia. 
245 1 0 |a My village in Ghana /  |c [by] Sonia and Tim Gidal. 
264 1 |a [New York] :  |b Pantheon,  |c [1969] 
264 4 |c [©1969] 
300 |a 74 pages :  |b illustrations, maps. ;  |c 26 cm. 
336 |a text  |b txt  |2 rdacontent 
337 |a unmediated  |b n  |2 rdamedia 
338 |a volume  |b nc  |2 rdacarrier 
520 |a A boy of Ghana describes life in the village where he lives with his uncle and aunt. 
650 1 |a Children in Ghana. 
651 0 |a Ghana  |x Social life and customs  |x Juvenile literature. 
651 1 |a Ghana  |x Social life and customs. 
700 1 |a Gidal, Tim,  |d 1909-1996. 
999 |a MARS 
999 f f |s 16d5483c-9582-35fe-9dbd-0bea09477de9  |i 32dee3c6-2a20-35cd-b875-5d10a62d8f47  |t 0 
952 f f |p ric  |a Texas A&M University  |b Rellis Campus  |c Joint Library Facility  |d Remote Storage  |t 0  |e DT510.4 .G5  |h Library of Congress classification  |i unmediated -- volume  |m A14802097034 
998 f f |a DT510.4 .G5  |t 0  |l Remote Storage